000
00285nam a2200109Ia 4500
008
190216s9999||||xx |||||||||||||| ||und||
100
_a
Pavanan
245
0
_a
Malayalam-Yathravivaranam-Oru Yathrayude Anubhavangal
260
_b
Sree Devi Books
650
_a
Yathravivaranam
942
_c
BK
999
_c
25645
_d
25645